LEADER 02022nam 2200469 450 001 9910317618003321 005 20230921143345.0 010 $a953-51-4319-0 035 $a(CKB)4970000000097904 035 $a(NjHacI)994970000000097904 035 $a(oapen)https://directory.doabooks.org/handle/20.500.12854/40406 035 $a(EXLCZ)994970000000097904 100 $a20221019d2012 uy 0 101 0 $aeng 135 $aur||||||||||| 181 $ctxt$2rdacontent 182 $cc$2rdamedia 183 $acr$2rdacarrier 200 00$aAffinity Chromatography /$fedited by Sameh Magdeldin 210 $cIntechOpen$d2012 210 1$aRijeka, Croatia :$cIntechOpen,$d2012. 215 $a1 online resource (358 pages) $cillustrations 311 $a953-51-0325-3 320 $aIncludes bibliographical references. 330 $aMost will agree that one major achievement in the bio-separation techniques is affinity chromatography. This coined terminology covers a myriad of separation approaches that relies mainly on reversible adsorption of biomolecules through biospecific interactions on the ligand. Within this book, the authors tried to deliver for you simplified fundamentals of affinity chromatography together with exemplarily applications of this versatile technique. We have always been endeavor to keep the contents of the book crisp and easily comprehensive, hoping that this book will receive an overwhelming interest, deliver benefits and valuable information to the readers. 606 $aScience 606 $aAffinity chromatography 610 $aLife Sciences 610 $aGenetics and Molecular Biology 610 $aChemical Biology 610 $aBiochemistry 610 $aBioorganic Chemistry 615 0$aScience. 615 0$aAffinity chromatography. 676 $a500 702 $aMagdeldin$b Sameh 801 0$bNjHacI 801 1$bNjHacl 906 $aBOOK 912 $a9910317618003321 996 $aAffinity chromatography$9810886 997 $aUNINA LEADER 02556nam 22005535 450 001 996466587303316 005 20211005012910.0 010 $a3-540-38124-4 024 7 $a10.1007/BFb0070714 035 $a(CKB)1000000000438492 035 $a(DE-He213)978-3-540-38124-2 035 $a(MiAaPQ)EBC6587428 035 $a(Au-PeEL)EBL6587428 035 $a(OCoLC)1137785158 035 $a(BIP)052467700 035 $a(PPN)155237071 035 $a(EXLCZ)991000000000438492 100 $a20100805d1973 u| 0 101 0 $afre 135 $aurnn|008mamaa 181 $ctxt$2rdacontent 182 $cc$2rdamedia 183 $acr$2rdacarrier 200 10$aThéorie des Topos et Cohomologie Etale des Schémas. Séminaire de Géométrie Algébrique du Bois-Marie 1963-1964 (SGA 4)$b[electronic resource] $eTome 3 205 $a1st ed. 1973. 210 1$aBerlin, Heidelberg :$cSpringer Berlin Heidelberg :$cImprint: Springer,$d1973. 215 $a1 online resource (646 pages) 225 1 $aLecture Notes in Mathematics,$x0075-8434 ;$v305 311 $a3-540-06118-5 327 $aFaisceaux constructibles Cohomologie d'une courbe algebrique -- Dimension cohomologique : Premiers resultats -- Comparaison avec la cohomologie classique : Cas d'un schema lisse -- Theoreme de changement de base pour un morphisme propre -- Theoreme de changement de base pour un morphisme propre: Fin de la demonstration -- Theoreme de finitude pour un morphisme propre ; Dimension cohomologique des schemas algebriques affines -- Morphismes acycliques -- Théorème de changement de base par un morphisme lisse, et applications -- Cohomologie a supports propres -- La formule de dualite globale -- Cohomologie des préschémas excellents d'égales caractéristiques. 410 0$aLecture Notes in Mathematics,$x0075-8434 ;$v305 606 $aTopology 606 $aTopology$3https://scigraph.springernature.com/ontologies/product-market-codes/M28000 615 0$aTopology. 615 14$aTopology. 676 $a514 700 $aDeligne$b Pierre$042896 702 $aDeligne$b Pierre$4oth 702 $aArtin$b Michael$4oth 702 $aSaint - Donat$b Bernard$4oth 702 $aGrothendieck$b Alexander$4oth 702 $aVerdier$b Jean-Louis$4oth 801 0$bMiAaPQ 801 1$bMiAaPQ 801 2$bMiAaPQ 906 $aBOOK 912 $a996466587303316 996 $aThéorie des Topos et Cohomologie Etale des Schémas. Séminaire de Géométrie Algébrique du Bois-Marie 1963-1964 (SGA 4)$93422428 997 $aUNISA